[Event "BL 2017-18"]
[Site "Germany"]
[Date "2018.02.24"]
[Round "9"]
[White "Braun, Arik"]
[Black "Carlstedt, Jonathan"]
[Result "1/2-1/2"]
[WhiteElo "2574"]
[BlackElo "2423"]
[Annotator "TA"]
[PlyCount "89"]
[EventDate "2018.05.24"]
[EventType "team-tourn"]
[EventCountry "GER"]
[SourceTitle "playchess.com"]
[Source "ChessBase"]
[SourceQuality "1"]
[WhiteTeam "Hockenheim"]
[BlackTeam "Hamburg SK"]

{[%evp 27,89,43,52,50,37,48,41,44,121,113,121,129,118,105,129,63,30,-63,-58,-60,-55,-68,-63,-78,-70,-76,-76,-68,-85,-92,-69,-97,-112,-92,-89,-94,-101,-172,-158,-172,-74,-77,-61,-59,-58,-66,-21,-95,-98,-94,-74,-98,-102,-100,-65,-65,0,-95,-67,-39,0,-61,0,-64]} 1. d4 Nf6 2. c4 e6 3. Nc3 c5 4. d5 exd5 5. cxd5 d6 6. Nf3 g6 7. Bf4 Bg7 8. Qa4+ Bd7 9. Qb3 b5 10. Bxd6 Qb6 11. Be5 O-O 12. e3 c4 13. Qd1 {A61: Modern Benoni: Nf3 without early e4} b4 14. Nb1 Bb5 {LiveBook: 11 Games} (14... Rc8 15. Nbd2 Bb5 16. a4 bxa3 17. Rxa3 Nbd7 18. Bd4 Qb7 19. d6 Bf8 20. Be2 Bxd6 {½-½ (30) Yilmaz,M (2633)-Adly,A (2625) Beirut 2017}) 15. a3 {White is slightly better.} Nbd7 16. Bd4 $1 {[%cal Rd4b6]} Qa5 $146 ({Predecessor:} 16... Qb7 17. axb4 Nxd5 18. Na3 Bxd4 19. Qxd4 Nxb4 20. Bxc4 Nc6 {1-0 (72) Bida,M (2267)-Battaglini,G (2431) Arad 2014}) 17. Nbd2 b3 (17... Nb6 $14) 18. Be2 $16 Nxd5 19. Bxg7 Kxg7 20. O-O $1 N5b6 21. Nxc4 (21. Rc1 $16) 21... Bxc4 $14 22. Qd4+ (22. Bxc4 $11 Nxc4 23. Qxd7) 22... Nf6 $15 (22... Ne5 $2 23. Nxe5 Rad8 24. Nxc4+ $18) 23. Bxc4 Rad8 24. Qf4 g5 $1 {[%cal Rg5f4]} 25. Nxg5 ({Avoid the trap} 25. Qc7 $2 Rc8 $19) 25... Nxc4 26. Nxh7 $1 Nxh7 27. Qxc4 Qd5 $36 {[%mdl 2048] Black is on the roll.} 28. Qg4+ {[#]} Kh8 $1 29. Rfd1 Qe5 30. Rd4 Rg8 31. Qf3 Qf6 32. Qb7 (32. Qxf6+ $17 Nxf6 33. Rb4) 32... Rxd4 $19 33. exd4 {[#]} Qe6 ({But not} 33... Qxd4 34. Qxb3 Ng5 35. Rd1 $15) (33... Ng5 $1 $19 {[%cal Rg5h3] is more deadly.} 34. Qxb3 Nf3+ 35. Kh1 Nh4) 34. Qf3 $17 Rg4 35. h3 Rxd4 36. Rc1 Re4 {next ...Re1+ is good for Black.} 37. Qc3+ (37. Rc3 $1 $11 {remains equal.}) 37... Nf6 38. Rd1 Kh7 39. Qd3 {Black must now prevent f3.} Kh6 {aiming for ...Re1+.} 40. Qd2+ Kg6 41. Qd3 {f3 is the strong threat.} Kh6 {Threatens to win with ...Re1+.} 42. Qd2+ $1 Kh5 43. Qc3 Kg6 44. Qg3+ (44. Qd3 $11 Kh6) 44... Kh7 45. Qd3 $1 {Precision: White = 65%, Black = 60%.} 1/2-1/2

[Event "BL 2017-18"]
[Site "Germany"]
[Date "2018.02.24"]
[Round "9"]
[White "Michalik, Peter"]
[Black "Baldauf, Marco"]
[Result "1-0"]
[WhiteElo "2548"]
[BlackElo "2484"]
[Annotator "TA"]
[PlyCount "77"]
[EventDate "2018.05.24"]
[EventType "team-tourn"]
[EventCountry "GER"]
[SourceTitle "playchess.com"]
[Source "ChessBase"]
[SourceQuality "1"]
[WhiteTeam "Schwaebisch Hall"]
[BlackTeam "SFR Berlin"]

{[%evp 21,77,4,19,0,3,-29,-16,-44,-6,-11,0,0,0,-13,0,-42,-44,-48,-49,-37,-17,-24,14,0,0,0,80,79,75,98,168,160,192,196,198,203,204,176,248,254,280,264,282,282,276,280,285,283,281,262,348,287,285,283,357,341,354,320]} 1. e4 e5 2. Nf3 Nc6 3. Bb5 Nf6 4. O-O Nxe4 5. d4 Nd6 6. Bxc6 dxc6 7. dxe5 Nf5 8. Qxd8+ Kxd8 9. Nc3 {[%cal Bb1c3,Bc3e2,Be2f4,Bf4d5][%mdl 32]} Bd7 10. b3 h6 {C67: Spanische Partie (Berliner Verteidigung)} 11. Bb2 Kc8 {LiveBook: 41 Partien} 12. Ne2 c5 $146 {Die Stellung ist ausgeglichen.} ({Vorgänger:} 12... Ne7 13. e6 Bxe6 14. Nf4 Bf5 15. Ne5 f6 16. Nf7 Rg8 17. Rad1 b6 18. Rfe1 {0-1 (47) Sanchez Enriquez,O (2196)-Mitkov,N (2565) Merida 2006}) 13. Nd2 Be7 14. Nc4 Rg8 15. Nf4 g5 16. Nd5 Re8 17. Rad1 Be6 18. f4 gxf4 19. Nxe7+ (19. Nxf4 $2 Bxc4 20. bxc4 Ne3 $17) 19... Nxe7 20. Rxf4 Ng6 21. Rf6 Rd8 22. Rdf1 $36 {[%mdl 2048] Weiss drückt.} b5 23. Ne3 Rd2 (23... a5 $11 {bleibt in der Remisbreite.}) 24. Bc1 $16 Rd7 25. Nf5 h5 (25... Nxe5 $16 26. Nxh6 (26. Rxh6 Kb7 $14) 26... Rd5) 26. Ng7 $18 Nxe5 27. Nxe6 fxe6 28. Rxe6 Nf7 29. Rc6 Nd6 (29... c4 $142 30. bxc4 Rb8) 30. Rxc5 Rh7 31. Bf4 {[#] Und weiter mit Lxd6 wäre nett.} Kb7 32. Bxd6 cxd6 33. Rxb5+ {[%mdl 4096] Endspiel KTT-KTT} Kc6 34. Ra5 Re8 35. Ra6+ Kc5 36. Rf5+ Re5 37. c3 Kd5 38. Rf6 Rd7 39. Kf2 {Precision: Weiß = 57%, Schwarz = 34%.} 1-0

[Event "BL 2017-18"]
[Site "Germany"]
[Date "2018.02.24"]
[Round "9"]
[White "Olszewski, Michal"]
[Black "Volokitin, Andrei"]
[Result "1/2-1/2"]
[WhiteElo "2540"]
[BlackElo "2639"]
[Annotator "TA"]
[PlyCount "48"]
[EventDate "2018.05.24"]
[EventType "team-tourn"]
[EventCountry "GER"]
[SourceTitle "playchess.com"]
[Source "ChessBase"]
[SourceQuality "1"]
[WhiteTeam "Norderstedt"]
[BlackTeam "SV Hofheim"]

{[%evp 11,48,0,0,0,12,0,6,0,17,0,0,0,0,0,0,0,0,-11,-25,-12,18,18,24,22,21,14,16,14,9,25,19,0,10,9,0,0,22,12,47]} 1. d4 Nf6 2. c4 e6 3. Nf3 d5 4. e3 a6 5. b3 c5 6. cxd5 {D30: Queen's Gambit Declined: Systems without Nc3} Nxd5 {LiveBook: 10 Games} 7. dxc5 Bxc5 $146 ({Predecessor:} 7... Qf6 8. Qd4 Nb4 9. Qxf6 gxf6 10. Kd1 Bxc5 11. a3 Nd5 12. Bb2 e5 {½-½ (29) Izeta Txabarri,F (2470)-Anand,V (2764) Santurtzi 2003}) 8. Bb2 O-O 9. Nbd2 Be7 10. Rc1 Bd7 {[%cal Bc8d7,Bd7c6,Bc6e4][%mdl 32]} 11. e4 Nf6 12. Bc4 Bc6 13. Qe2 Qa5 14. a3 Bxe4 15. b4 Qf5 (15... Bxf3 $5 16. Qxf3 (16. bxa5 Bxe2 17. Bxe2 Nc6 $17) (16. Nxf3 Qh5 $11) 16... Qb6 $11) 16. Nh4 Qg4 17. Qxg4 Nxg4 18. Nxe4 {[#] Black must now prevent Be2.} Bxh4 19. Be2 Nf6 $132 {[%mdl 2048] Black is not keeping still} 20. Nd6 Bg5 $1 {[%cal Rg5c1]} 21. Rc5 {The position is equal.} Nd5 {Strongly threatening ...Be7.} 22. Nxb7 Nd7 23. Rc4 Rfc8 24. O-O Rxc4 {Precision: White = 72%, Black = 80%.} 1/2-1/2

[Event "BL 2017-18"]
[Site "Germany"]
[Date "2018.02.24"]
[Round "9"]
[White "Markgraf, Alexander"]
[Black "Rafiee, Makan"]
[Result "1/2-1/2"]
[WhiteElo "2514"]
[BlackElo "2348"]
[Annotator "TA"]
[PlyCount "43"]
[EventDate "2018.05.24"]
[EventType "team-tourn"]
[EventCountry "GER"]
[SourceTitle "playchess.com"]
[Source "ChessBase"]
[SourceQuality "1"]
[WhiteTeam "Werder Bremen"]
[BlackTeam "Bayern Muenchen"]

{[%evp 28,43,28,-13,0,0,0,-6,0,0,0,0,0,0,0,0,0,0]} 1. e4 e5 2. Nf3 Nc6 3. Bb5 {[%cal Bf1b5,Bb5a4,Ba4b3][%mdl 32]} a6 4. Ba4 Nf6 5. O-O Be7 6. Re1 b5 7. Bb3 O-O 8. c3 d5 9. exd5 Nxd5 10. Nxe5 Nxe5 11. Rxe5 c6 12. d3 Bd6 13. Re1 Bf5 14. Qf3 Re8 {C89: Closed Ruy Lopez: Marshall Attack} (14... Qh4 15. g3 Qh3 16. Be3 Bxd3 17. Nd2 Qf5 18. Bd4 Rfe8 19. a4 h6 20. Qxf5 Bxf5 21. Nf3 Be6 22. Be5 {½-½ (30) Caruana,F (2811)-Svidler,P (2768) Wijk aan Zee 2018}) 15. Be3 {LiveBook: 3 Games} (15. Rxe8+ {feels hotter.} Qxe8 16. Nd2 Qe1+ 17. Nf1 Bg6 18. g3) 15... Nxe3 {The position is equal.} 16. Rxe3 Rxe3 {[#]} 17. fxe3 $146 ({Predecessor:} 17. Qxe3 Bxd3 18. Nd2 Qd7 19. Re1 Kf8 20. Qf3 Bg6 21. Rd1 Re8 22. Nf1 {0-1 (71) Kovalenko,I (2640)-Kravtsiv,M (2665) Tbilisi 2017}) 17... Bxh2+ 18. Kxh2 Qh4+ 19. Kg1 Qe1+ 20. Kh2 Qh4+ 21. Kg1 Qe1+ 22. Kh2 1/2-1/2

[Event "BL 2017-18"]
[Site "Germany"]
[Date "2018.02.24"]
[Round "9"]
[White "Kollars, Dmitrij"]
[Black "Buhmann, Rainer"]
[Result "1/2-1/2"]
[WhiteElo "2509"]
[BlackElo "2564"]
[Annotator "TA"]
[PlyCount "40"]
[EventDate "2018.05.24"]
[EventType "team-tourn"]
[EventCountry "GER"]
[SourceTitle "playchess.com"]
[Source "ChessBase"]
[SourceQuality "1"]
[WhiteTeam "Hamburg SK"]
[BlackTeam "Hockenheim"]

{[%evp 13,40,34,27,27,33,25,31,29,33,33,44,40,29,33,34,19,23,27,20,27,23,22,22,9,11,11,13,0,11]} 1. e4 e5 2. Nf3 Nc6 3. Bc4 Nf6 4. d3 Be7 5. O-O O-O 6. Re1 d6 7. a4 Na5 8. Ba2 {C55: Two Knights: 4 d3, 4 d4 exd4 5 e5 and Max Lange Attack} c5 9. Na3 (9. c3 Nc6 10. Na3 a6 11. Nc2 h6 12. Ne3 Re8 13. h3 Bf8 14. Nd5 Rb8 15. Be3 Be6 {½-½ (43) Van Foreest,J (2629)-Harikrishna,P (2744) Riadh 2017}) 9... a6 10. c3 {[%cal Bc2c3,Bc3b4][%mdl 32] White is slightly better.} Bd7 11. b4 cxb4 12. cxb4 Nc6 13. Bd2 $146 ({Predecessor:} 13. b5 axb5 14. axb5 Na7 15. Qb3 Be6 {1-0 (27) Sonis,F (2420)-Brunello,S (2556) Cosenza 2017}) 13... b5 14. axb5 axb5 15. Nxb5 Rb8 16. Bc4 Nxb4 {[#] Strongly threatening ...d5.} 17. Bxb4 {Hoping for Ba5.} Bxb5 {The position is equal.} 18. Bxb5 Rxb5 19. Bd2 Qc7 20. Rb1 Rxb1 1/2-1/2

[Event "BL 2017-18"]
[Site "Germany"]
[Date "2018.02.24"]
[Round "9"]
[White "Wirig, Anthony"]
[Black "Seyb, Alexander"]
[Result "1-0"]
[WhiteElo "2503"]
[BlackElo "2393"]
[Annotator "TA"]
[PlyCount "95"]
[EventDate "2018.05.24"]
[EventType "team-tourn"]
[EventCountry "GER"]
[SourceTitle "playchess.com"]
[Source "ChessBase"]
[SourceQuality "1"]
[WhiteTeam "Schwaebisch Hall"]
[BlackTeam "SFR Berlin"]

{[%evp 15,95,16,8,0,6,-14,24,34,28,23,27,10,31,28,34,15,24,23,26,22,17,18,20,16,15,16,16,16,21,20,66,66,80,31,112,95,88,80,419,416,412,422,409,420,419,410,415,378,402,391,378,209,262,0,378,274,272,267,268,267,268,267,267,0,267,267,266,268,276,294,304,300,300,289,302,301,318,330,323,341,566,562]} 1. d4 Nf6 2. c4 g6 3. g3 c6 4. Bg2 d5 5. Qa4 Bg7 6. cxd5 Nxd5 7. Nf3 O-O 8. O-O Bg4 {LiveBook: 4 Partien. A11: Reti-Eröffnung} (8... Bf5 9. Nbd2 Nb6 10. Qa5 Qd5 11. Qa3 Qd6 12. b3 Na6 13. e4 Bd7 14. Bb2 Rfe8 15. Rad1 Rad8 16. Qa5 {½-½ (47) Grischuk,A (2761)-Vachier Lagrave,M (2796) Paris 2017}) 9. Nbd2 Nb6 10. Qc2 N8d7 $146 {Die Stellung ist ausgeglichen.} ({Vorgänger:} 10... Bxd4 11. h3 Bxf3 12. Nxf3 Bg7 13. Rd1 Qc7 14. e4 N8d7 15. a4 Rad8 16. a5 {½-½ (32) Bochev,K (2254)-Kalchev,B (1986) ICCF email 2009}) 11. h3 Bxf3 12. Nxf3 e5 13. Bg5 Bf6 14. Bxf6 Qxf6 15. Rad1 Rfd8 16. e3 exd4 17. Rxd4 Nf8 18. Rfd1 Ne6 19. Rxd8+ Rxd8 20. Rxd8+ Qxd8 21. Nd2 Nd5 22. a3 c5 23. Ne4 b6 24. Qa4 Qc7 (24... Qe7 $14) 25. Qc4 $16 Ne7 26. Nf6+ Kh8 $2 {[%mdl 8192] [#]} (26... Kf8 $16) 27. Qc3 $1 $18 Qd8 28. Ng4+ Ng7 29. Nh6 Qf8 30. Qf6 Nef5 31. Nxf7+ Kg8 32. Bd5 {[#] Weiss droht Sh6+ und Matt.} Qe7 33. Nh6+ Kh8 34. Nf7+ (34. Qf7 $142 {[%csl Gd5,Gh6][%cal Rf7g8]} Qe8 35. Qxe8+ (35. Qxa7 Nxh6 36. Qxb6 Qe7 $18) 35... Nxe8 36. Nxf5 gxf5 37. g4) 34... Kg8 35. Ne5+ Kh8 36. Qf7 Qxf7 37. Nxf7+ {[%mdl 4096] Endspiel KLS-KSS} ({Keinesfalls} 37. Bxf7 $6 Nd6 $16) 37... Kg8 38. Ng5+ Kh8 39. Nf7+ Kg8 40. g4 Ne7 41. Bc4 Kf8 42. Ng5 h6 43. Nh7+ Ke8 44. Nf6+ Kd8 45. f4 Ne8 46. Nxe8 Kxe8 47. Kf2 Nc6 $2 (47... g5 48. Kf3 Ng6) 48. Bb5 {Precision: Weiß = 71%, Schwarz = 50%.} 1-0

[Event "BL 2017-18"]
[Site "Germany"]
[Date "2018.02.24"]
[Round "9"]
[White "Heinemann, Thies"]
[Black "Banusz, Tamas"]
[Result "1/2-1/2"]
[WhiteElo "2495"]
[BlackElo "2640"]
[Annotator "TA"]
[PlyCount "168"]
[EventDate "2018.05.24"]
[EventType "team-tourn"]
[EventCountry "GER"]
[SourceTitle "playchess.com"]
[Source "ChessBase"]
[SourceQuality "1"]
[WhiteTeam "Hamburg SK"]
[BlackTeam "Hockenheim"]

{[%evp 14,168,7,-10,15,-16,-14,-17,-26,-27,6,0,15,5,12,0,0,9,7,-10,-6,-25,0,0,7,6,36,28,52,54,54,50,40,11,8,10,36,0,0,0,0,0,0,0,8,0,0,0,0,-8,-4,-14,0,-19,-19,-17,-19,-40,-24,-43,-20,-19,-18,-33,-33,-33,-33,-50,-46,-47,-46,-46,-33,-40,-36,-40,-37,-43,-40,-73,-72,-72,-74,-80,-74,-79,-79,-86,-85,-81,-76,-76,-84,-85,-83,-92,-89,-96,-98,-106,-93,-92,-84,-83,-83,-95,-92,-91,-90,-96,-41,-40,-29,-30,-31,-46,-47,-38,-39,-40,-35,-66,-24,-20,-24,-24,-22,-24,-16,-24,-7,-7,0,0,0,0,0,0,0,0,0,0,0,0,0,0,7,7,8,8,8,8,8,8,8,8,8]} 1. e4 c5 2. Nf3 Nc6 3. Bb5 g6 4. Bxc6 bxc6 5. O-O Bg7 6. h3 Nf6 7. Re1 O-O 8. c3 Rb8 {B31: Sicilian: 2...Nc6 3 Bb5 g6} 9. b3 d6 10. d4 cxd4 11. cxd4 Nd7 12. Nc3 c5 (12... a5 13. Be3 Ba6 14. Qd2 c5 15. Rac1 c4 16. bxc4 Bxc4 {½-½ (61) Harikrishna,P (2753)-Li,C (2751) Huaian 2016}) 13. Bg5 $146 ({Predecessor:} 13. Be3 Bb7 14. Rc1 {½-½ (45) Gundavaa,B (2492)-Shomoev,A (2538) Ulaanbaatar 2016}) 13... Bb7 14. Nd5 Re8 15. Rc1 h6 16. Bh4 Rc8 17. dxc5 dxc5 18. Re2 g5 19. Bg3 {With the idea Rd2.} Nb6 {[%cal Rb6d5]} 20. Rd2 $1 Nxd5 21. exd5 Qd7 22. Ne5 Qf5 23. Qg4 Qxg4 24. hxg4 Red8 25. Rcd1 (25. d6 {is more complex.} Rxd6 26. Rxd6 exd6 27. Nc4 Bd5 28. Nxd6 Rd8 29. Rxc5 Be6 30. Nf5) 25... Bxe5 26. Bxe5 f6 27. Bg3 Rd7 28. f3 c4 29. bxc4 Rxc4 30. Bf2 a6 31. Be3 Kf7 32. Kf2 Kg6 33. Kg3 h5 34. gxh5+ Kxh5 35. Kf2 Kg6 36. Bb6 Ra4 37. Kg3 Kf5 38. Bc5 Rc4 39. Ba3 g4 40. Kf2 gxf3 41. gxf3 a5 42. Bb2 Rc5 {[%cal Rd7d5]} 43. Ba3 Rc3 44. Bb2 Rc8 45. Ba3 Rh8 46. Kg3 Rhd8 47. d6 e5 48. Kf2 Rh7 49. Ke3 Rdd7 50. Rf2 Rh4 51. Rc1 Ra4 52. Rc3 Bd5 53. Rd2 Ke6 54. Rb2 Rh7 55. Rb6 Kf5 56. Rd3 Be6 ({Reject} 56... Bxa2 $6 57. d7 $11) 57. Rb2 Rh3 58. Rf2 Bd7 59. Rc3 Ke6 60. Bc5 f5 {[#] Strongly threatening ...f4+.} 61. a3 f4+ (61... Rh1 $17 {Threatens to win with ...Rah4.} 62. Rg2 Rah4) 62. Kd2 $15 Kd5 63. Bb6 Kxd6 64. Bc7+ Kd5 65. Rd3+ Rd4 66. Rxd4+ Kxd4 67. Bxa5 {[%mdl 4096] Endgame KRB-KRB} Bc6 68. Bc3+ Kd5 69. Re2 Rh5 70. Ke1 Ke6 71. Kf2 Bb5 72. Re1 {The position is equal.} Bd3 73. a4 {[%cal Ba3a4,Ba4a5,Ba5a6,Ba6a7][%mdl 32]} Kd5 74. a5 e4 75. fxe4+ Bxe4 76. Rd1+ Ke6 77. a6 Rh2+ 78. Ke1 Rh1+ 79. Kd2 Rh3 80. Bd4 Kf5 81. a7 Ra3 82. Ke1 Ba8 83. Bc5 Ra2 84. Rd8 Be4 {Precision: White = 61%, Black = 64%.} 1/2-1/2

[Event "BL 2017-18"]
[Site "Germany"]
[Date "2018.02.24"]
[Round "9"]
[White "Bromberger, Stefan"]
[Black "Fridman, Daniel"]
[Result "*"]
[WhiteElo "2482"]
[BlackElo "2635"]
[Annotator "TA"]
[PlyCount "43"]
[EventDate "2018.05.24"]
[EventType "team-tourn"]
[EventCountry "GER"]
[SourceTitle "playchess.com"]
[Source "ChessBase"]
[SourceQuality "1"]
[WhiteTeam "Zugzwang Muenchen"]
[BlackTeam "Muelheim"]

{[%evp 21,43,10,10,18,22,0,7,8,6,0,0,0,0,0,0,0,0,0,0,0,0,0,0,0]} 1. d4 d5 2. c4 e6 3. Nc3 Nf6 4. Nf3 Be7 5. Bf4 O-O 6. e3 Nbd7 7. Be2 dxc4 {D37: Damengambit (5.Lf4)} 8. O-O a6 9. a4 c5 10. d5 exd5 11. Nxd5 Nxd5 {LiveBook: 6 Partien. Die Stellung ist ausgeglichen.} 12. Qxd5 Nf6 13. Qe5 Qe8 14. Bxc4 Bd7 15. a5 {[#]} Bc6 $146 16. Rfd1 Ne4 17. Qf5 g6 18. Qh3 Bf6 19. Bh6 $1 Bxb2 20. Bxf8 Bxa1 21. Bxc5 $1 Bf6 22. Bd4 *

[Event "BL 2017-18"]
[Site "Germany"]
[Date "2018.02.24"]
[Round "9"]
[White "Savchenko, Stanislav"]
[Black "Ostrovskiy, Andrey"]
[Result "1/2-1/2"]
[WhiteElo "2477"]
[BlackElo "2444"]
[Annotator "TA"]
[PlyCount "61"]
[EventDate "2018.05.24"]
[EventType "team-tourn"]
[EventCountry "GER"]
[SourceTitle "playchess.com"]
[Source "ChessBase"]
[SourceQuality "1"]
[WhiteTeam "SV Hofheim"]
[BlackTeam "Norderstedt"]

{[%evp 13,61,0,13,2,16,14,14,13,9,13,18,10,9,7,15,2,8,3,25,-4,0,0,0,-7,29,0,36,16,15,10,18,12,22,13,12,11,16,24,33,27,50,36,44,0,54,17,18,0,0,0]} 1. Nf3 Nf6 2. c4 e6 3. Nc3 Bb4 4. g3 O-O 5. Bg2 d5 6. O-O {A17: English Opening: 1...Nf6 with ...Bb4} d4 (6... dxc4 7. Qa4 a5 8. Qb5 Bd7 9. Qxc4 Bc6 10. a3 Be7 11. Re1 Qe8 12. Nd4 Bxg2 13. Kxg2 c6 {0-1 (37) Kozul,Z (2619)-Postny,E (2611) Sibenik 2016}) 7. Na4 Be7 {LiveBook: 3 Games} 8. a3 a5 $146 ({Predecessor:} 8... c5 9. d3 Nc6 10. Rb1 a5 11. Qb3 Ra6 12. e3 Nd7 13. exd4 cxd4 {0-1 (74) Dimitrov,R (2424)-Kigel,D (2276) Athens 2012}) 9. e3 Nc6 10. exd4 Nxd4 11. d3 Nxf3+ 12. Bxf3 Rb8 13. Nc3 b6 14. Nb5 Qd7 15. Bf4 Bd6 16. Bg5 Be7 17. Qe2 Ba6 18. a4 Rfd8 19. Rfd1 Bb7 20. d4 (20. Bf4 {keeps more tension.} Ne8 21. d4 Bd6 22. Be5 f6 23. Rac1) 20... Bxf3 21. Qxf3 c6 22. Nc3 h6 23. Bf4 Rbc8 24. Rd3 Qb7 25. Rad1 Rd7 26. h4 h5 27. Bg5 Rcd8 28. Ne2 Ng4 (28... c5 $11) 29. Bxe7 Rxe7 30. Nf4 g6 31. Qe4 {Precision: White = 51%, Black = 30%.} 1/2-1/2

[Event "BL 2017-18"]
[Site "Germany"]
[Date "2018.02.24"]
[Round "9"]
[White "Gurevich, Vladimir"]
[Black "Powierski, Emil"]
[Result "1/2-1/2"]
[WhiteElo "2475"]
[BlackElo "2334"]
[Annotator "TA"]
[PlyCount "67"]
[EventDate "2018.05.24"]
[EventType "team-tourn"]
[EventCountry "GER"]
[SourceTitle "playchess.com"]
[Source "ChessBase"]
[SourceQuality "1"]
[WhiteTeam "SV Hofheim"]
[BlackTeam "Norderstedt"]

{[%evp 20,67,25,-2,0,0,0,-13,-10,-14,-14,-19,-10,-16,-15,-26,-23,-37,-11,-75,-62,-75,-64,-64,-56,-64,-62,-62,-45,-79,-29,-23,-38,-28,-32,-26,-26,-26,-26,-30,-26,-26,-15,-14,0,0,0,0,0,-25]} 1. e4 c5 2. Nf3 d6 3. d4 cxd4 4. Nxd4 Nf6 5. Nc3 a6 6. a4 Nc6 7. Bc4 e6 8. O-O Be7 9. Be3 O-O 10. Qe2 Qc7 11. Kh1 {LiveBook: 49 Games} Nxe4 {B88: Sicilian: Sozin Attack} (11... Na5 12. Ba2 b6 13. f4 Bb7 14. f5 e5 15. Nf3 Rac8 16. Nd2 Nc6 17. Qf2 Ng4 18. Qg3 Nxe3 19. Qxe3 {½-½ (27) Ostrovskiy,A (2438)-Almasi,Z (2702) Germany 2017}) 12. Nxe4 {[#] Strongly threatening Nxc6.} d5 13. Bxd5 $146 ({Find the theoretical novelty and annotate with similar games:} 13. Bd3 dxe4 14. Bxe4 Nxd4 15. Bxd4 f5 16. Bd3 Bf6 17. Bxf6 Rxf6 18. f4 Bd7 19. b4 {½-½ (41) Hlavac,R (2135)-Marsalek,L Frydek Mistek 1998}) 13... exd5 14. Nc3 Be6 15. Rad1 Bf6 16. Qd2 (16. f4 $5 {[%cal Rf4f5]}) 16... Rac8 17. f3 Rfe8 18. Qf2 Qa5 19. Nb3 {[#]} (19. f4 $11) 19... Qb4 $1 $17 20. Bc5 Qc4 21. Nd2 Qf4 22. g3 Qf5 {Hoping for ...Bxc3.} 23. Nb3 Qh5 24. Be3 d4 25. Nxd4 Bc4 26. Rfe1 Bxd4 27. Bxd4 Rxe1+ 28. Rxe1 Nxd4 29. Qxd4 Qxf3+ 30. Kg1 {And now Qxc4! would win.} Be6 31. Qe4 {The position is equal.} Qf6 32. Qxb7 Qd4+ 33. Kg2 $1 {White wants to mate with Qxc8+!} Re8 34. Rd1 {Precision: White = 40%, Black = 64%.} 1/2-1/2

[Event "BL 2017-18"]
[Site "Germany"]
[Date "2018.02.24"]
[Round "9"]
[White "Abel, Dennes"]
[Black "Le Roux, Jean-Pierre"]
[Result "1/2-1/2"]
[WhiteElo "2469"]
[BlackElo "2555"]
[Annotator "TA"]
[PlyCount "45"]
[EventDate "2018.05.24"]
[EventType "team-tourn"]
[EventCountry "GER"]
[SourceTitle "playchess.com"]
[Source "ChessBase"]
[SourceQuality "1"]
[WhiteTeam "SFR Berlin"]
[BlackTeam "Schwaebisch Hall"]

{[%evp 15,45,23,27,22,25,20,19,10,51,37,25,47,37,0,6,0,48,-22,-23,-16,0,0,11,15,18,8,14,0,41,54,89,44]} 1. Nf3 Nf6 2. c4 b6 3. g3 c5 4. Bg2 Bb7 5. O-O g6 6. d4 cxd4 7. Qxd4 Bg7 8. Nc3 d6 9. Bg5 {A30: Symmetrical English: Double Fianchetto and Hedgehog} (9. b3 O-O 10. Bb2 Ne4 11. Qd3 Nd7 12. Qc2 Nxc3 13. Bxc3 Bxc3 14. Qxc3 Rc8 15. Qb2 Rc5 16. Rfd1 Qa8 17. Ne1 Bxg2 18. Nxg2 {0-1 (68) Wang,H (2709)-Artemiev,V (2691) Huaian 2017}) 9... Nbd7 10. Rac1 Rc8 {[%cal Ba8c8,Bc8c5,Bc5h5][%mdl 32]} 11. b3 {The position is equal.} a6 12. Bh3 O-O 13. Qd2 {[#]} Rc5 $146 ({Predecessor:} 13... Re8 14. Ne1 Qc7 15. Nd3 Qc6 16. f3 e6 {½-½ (36) Jedynak,R (2540)-Stocek,J (2572) Thessaloniki 2007}) 14. Be3 Rh5 15. Bg2 Ng4 16. Rcd1 ({White should try} 16. Bf4 $1 $14) 16... b5 17. Nd5 bxc4 18. bxc4 Bxd5 19. cxd5 Ndf6 20. Nh4 Nxe3 21. Qxe3 Re5 22. Qd3 Qa5 23. e4 {Precision: White = 58%, Black = 60%.} 1/2-1/2

[Event "BL 2017-18"]
[Site "Germany"]
[Date "2018.02.24"]
[Round "9"]
[White "Fedorovsky, Michael"]
[Black "Hracek, Zbynek"]
[Result "*"]
[WhiteElo "2469"]
[BlackElo "2583"]
[Annotator "ChessBase"]
[PlyCount "31"]
[EventDate "2018.05.24"]
[EventType "team-tourn"]
[EventCountry "GER"]
[SourceTitle "playchess.com"]
[Source "ChessBase"]
[SourceQuality "1"]
[WhiteTeam "Bayern Muenchen"]
[BlackTeam "Werder Bremen"]
[TimeControl "40/6000+30:3000+30"]

1. d4 {[%emt 0:00:30]} Nf6 {[%emt 0:01:00]} 2. c4 {[%emt 0:00:00]} e6 {[%emt 0:00:00]} 3. g3 {[%emt 0:00:00]} Bb4+ {[%emt 0:00:00]} 4. Bd2 {[%emt 0:00:00]} a5 {[%emt 0:00:30]} 5. Bg2 {[%emt 0:00:00]} c5 {[%emt 0:03:30]} 6. d5 {[%emt 0:04:30]} exd5 {[%emt 0:02:30]} 7. cxd5 {[%emt 0:00:30]} O-O {[%emt 0:05:30]} 8. Nh3 {[%emt 0:14:30]} d6 {[%emt 0:00:30]} 9. O-O {[%emt 0:03:30]} Bxd2 {[%emt 0:06:30]} 10. Nxd2 {[%emt 0:09:30]} b5 {[%emt 0:05:30]} 11. a4 {[%emt 0:04:30]} b4 {[%emt 0:07:30]} 12. Nc4 {[%emt 0:10:30]} Ba6 {[%emt 0:00:30]} 13. Rc1 {[%emt 0:05:30]} Bxc4 {[%emt 0:06:30]} 14. Rxc4 {[%emt 0:00:00]} Nbd7 {[%emt 0:00:00]} 15. e4 {[%emt 0:17:00]} Re8 {[%emt 0:01:00]} 16. Re1 {[%emt 0:01:30]} *